000 00374nam a2200145Ia 4500
999 _c10831
_d10831
008 191201s2011 xx 000 0 und d
082 _a070.4
_bSHN
100 _aSHRIVASTAVA, K.M.
245 0 _aNews Reporting and Editing
250 _a14th Rep
260 _aNew Delhi
_bSterling Pub
_c2020
300 _a304
650 _aBachelor of Mass Communication
942 _2ddc
_cBK